LEADER 01361nam a2200337 i 4500 001 991003380119707536 005 20020509121153.0 008 991118s1998 fr ||| | fre 020 $a2711613445 035 $ab11153027-39ule_inst 035 $aPARLA180707$9ExL 040 $aDip.to Filosofia$bita 041 0 $afregrclat 100 0 $aPorphyrius :$cTyrius$0183422 245 10$aIsagoge /$cPorphyre ; texte grec, translatio Boethii ; traduction par Alain de Libera et Alain-Philippe Segonds ; introduction et notes par Alain de Libera 260 $aParis :$bVrin,$c1998 300 $acxliv, 100 p. ;$c22 cm 490 0 $aSic et non 650 4$aAristotele$xCategorie 650 4$aMetafisica$yMedioevo 650 4$aPredicate (Logic) 700 1 $aBoethius, Anicius Manlius Torquatus Severinus 700 1 $aLibera, Alain :$cde 700 1 $aSegonds, Alain Philippe 907 $a.b11153027$b23-02-17$c28-06-02 912 $a991003380119707536 945 $aLE007 880.1 Porphyrius Tyrius 1998-01$g1$i2007000065464$lle007$nLE007-0312$o-$pE0.00$q-$rl$s- $t0$u0$v0$w0$x0$y.i1304333x$z15-12-03 945 $aLE005 Sala Cons. Coll. 189 SICET v. 04$g1$i2005000059339$lle005$o-$pE0.00$q-$rl$s- $t0$u0$v0$w0$x0$y.i11294875$z28-06-02 996 $aIsagoge$9538076 997 $aUNISALENTO 998 $ale007$ale005$b01-01-99$cm$da $e-$ffre$gfr $h0$i2 LEADER 01497ojm 2200277z- 450 001 9910164243103321 005 20251118111239.0 010 $a1-5159-9875-4 035 $a(CKB)3710000001057249 035 $a(BIP)060405872 035 $a(ODN)ODN0003177166 035 $a(EXLCZ)993710000001057249 100 $a20231107c2017uuuu -u- - 101 0 $aeng 200 10$aWedding Tree 210 $cTantor Audio 330 8 $aHope Stevens thinks Wedding Tree, Louisiana, will be the perfect place to sort out her life and all the mistakes she's made. Plus, it will give her the chance to help her free-spirited grandmother, Adelaide, sort through her things before moving into assisted living.Spending the summer in the quaint town, Hope begins to discover that Adelaide has made some mistakes of her own. And as they go through her belongings, her grandmother recalls the wartime romance that left her torn between two men and haunted by a bone-chilling secret. Now she wants Hope's help in uncovering the truth before it's too late. Filled with colorful characters, The Wedding Tree is an emotionally riveting story about passion, shattered dreams, unexpected renewal and forgiveness-not only for others, but for ourselves. 676 $a813/.6 700 $aWells$b Robin$048684 702 $aDukehart$b Cris$4nrt 702 $aHuber$b Hillary$4nrt 702 $aSummerer$b Eric Michael$4nrt 906 $aAUDIO 912 $a9910164243103321 996 $aWedding Tree$93599410 997 $aUNINA